|
|
|
|
| LEADER |
01617nam a2200409 i 4500 |
| 001 |
36748 |
| 003 |
BD-DhAAL |
| 005 |
20211129113012.0 |
| 008 |
191125t2018 nyua b 001 0 eng |
| 999 |
|
|
|c 41380
|d 41380
|
| 010 |
|
|
|a 2017003261
|
| 020 |
|
|
|a 9781259277207
|
| 020 |
|
|
|a 1259277208
|
| 020 |
|
|
|a 9781259254864
|
| 020 |
|
|
|a 1259254860
|
| 035 |
|
|
|a (OCoLC)973159404
|
| 035 |
|
|
|a 10442842
|
| 040 |
|
|
|a DLC
|b eng
|e rda
|c DLC
|d OCLCO
|d OCLCQ
|d OCLCF
|d YDX
|d YDX
|d OCLCO
|d EZ9
|d BTCTA
|d TOH
|d BD-DhAAL
|
| 042 |
|
|
|a pcc
|
| 050 |
0 |
0 |
|a HG4515.15
|b .S525 2018
|
| 082 |
0 |
0 |
|a 658.15
|2 23
|
| 100 |
1 |
|
|a Shefrin, Hersh,
|d 1948-
|9 37675
|
| 245 |
1 |
0 |
|a Behavioral corporate finance :
|b concepts and cases for teaching behavioral finance /
|c Hersh Shefrin
|
| 250 |
|
|
|a Second edition.
|
| 260 |
|
|
|a New York, NY :
|b McGraw-Hill Education,
|c 2018
|
| 300 |
|
|
|a xx, 300 pages :
|b illustrations ;
|c 23 cm.
|
| 490 |
1 |
|
|a The McGraw-Hill/Irwin series in finance, insurance and real estate
|
| 504 |
|
|
|a Includes bibliographical references and index.
|
| 526 |
|
|
|a BBS
|
| 541 |
|
|
|a Development book agency
|e 36748
|
| 650 |
|
0 |
|a Corporations
|x Finance.
|9 37676
|
| 650 |
|
0 |
|a Decision making
|x Psychological aspects.
|9 37677
|
| 650 |
|
0 |
|a Business & finance.
|9 43373
|
| 830 |
|
0 |
|a McGraw-Hill/Irwin series in finance, insurance, and real estate.
|9 37678
|
| 852 |
|
|
|a Ayesha Abed Library
|c General Stacks
|
| 942 |
|
|
|2 ddc
|c BK
|
| 952 |
|
|
|0 0
|1 0
|2 ddc
|4 0
|6 658_150000000000000_SHE
|7 0
|9 67277
|a BRACUL
|b BRACUL
|c GEN
|d 2019-11-24
|e Development Book Agency
|g 4898.00
|l 2
|m 19
|o 658.15 SHE
|p 3010036748
|r 2025-03-11
|s 2025-03-02
|t 1
|v 4898.00
|w 2019-11-24
|y BK
|